Soil science : (Record no. 150897)
[ view plain ]
| 000 -LEADER | |
|---|---|
| fixed length control field | 00850cam1a220026500 4500 |
| 001 - CONTROL NUMBER | |
| control field | lce01771808 |
| 008 - FIXED-LENGTH DATA ELEMENTS--GENERAL INFORMATION | |
| fixed length control field | 840718s1985 iaua b 001 0 eng |
| 010 ## - LIBRARY OF CONGRESS CONTROL NUMBER | |
| LC control number | 84071942 |
| 020 ## - INTERNATIONAL STANDARD BOOK NUMBER | |
| International Standard Book Number | 0697058565 |
| 035 ## - SYSTEM CONTROL NUMBER | |
| System control number | (Sirsi) r57215 |
| 035 ## - SYSTEM CONTROL NUMBER | |
| System control number | (DLC) 84071942 |
| 035 ## - SYSTEM CONTROL NUMBER | |
| System control number | (UPRA)lce01771808 |
| 040 ## - CATALOGING SOURCE | |
| Modifying agency | UPRA |
| 050 0# - LIBRARY OF CONGRESS CALL NUMBER | |
| Classification number | S591 |
| Item number | .H34 1985 |
| 082 0# - DEWEY DECIMAL CLASSIFICATION NUMBER | |
| Classification number | 631.4 |
| Edition number | 19 |
| 100 1# - MAIN ENTRY--PERSONAL NAME | |
| Personal name | Hausenbuiller, R. L. (Robert L.) |
| Fuller form of name | Hausenbuiller, R. L. (Robert L.) |
| Linkage | A16180.1 |
| 245 10 - TITLE STATEMENT | |
| Title | Soil science : |
| Remainder of title | principles & practices / |
| Statement of responsibility, etc. | R.L. Hausenbuiller. |
| 250 ## - EDITION STATEMENT | |
| Edition statement | 3rd ed. |
| 260 ## - PUBLICATION, DISTRIBUTION, ETC. | |
| Place of publication, distribution, etc. | Dubuque, IA : |
| Name of publisher, distributor, etc. | W.C. Brown, |
| Date of publication, distribution, etc. | c1985. |
| 504 ## - BIBLIOGRAPHY, ETC. NOTE | |
| Bibliography, etc. note | Includes bibliographies and index. |
| 650 #0 - SUBJECT ADDED ENTRY--TOPICAL TERM | |
| Topical term or geographic name entry element | Soil science. |
| Linkage | S2079.1 |
| 949 ## - LOCAL PROCESSING INFORMATION (OCLC) | |
| a | S591 |
| w | lcc |
| i | -74612 |
| m | MAIN |
| t | BOOK |
| l | ON-SHELF |
| 949 ## - LOCAL PROCESSING INFORMATION (OCLC) | |
| a | S591 |
| w | lcc |
| c | 1 |
| i | 33729000113618 |
| m | MAIN |
| p | 2500 |
| t | BOOK |
| l | ON-SHELF |
No items available.